Every Country to win an Olympic Medal: Surfing - Statistics

General Stats
  • This quiz has been taken 28 times
    19 since last reset
  • The average score is 5 of 6
Answer Stats
# of Medals Country % Correct
3 Brazil
100%
2 Australia
94%
2 USA
94%
2 France
88%
2 Japan
76%
1 South Africa
41%
No matching quizzes found
Score Distribution
Percent of People with Each Score
Percentile by Number Answered
Your Score History
You have not taken this quiz since the last reset